<?xml version="1.0" encoding="UTF-8"?>
<collection xmlns="http://www.loc.gov/MARC21/slim">
  <record>
    <leader>00000nam  2200000   4500</leader>
    <controlfield tag="001">INLIS000000000005702</controlfield>
    <controlfield tag="005">20190829025047</controlfield>
    <datafield tag="035" ind1="#" ind2="#">
      <subfield code="a">0010-0819000132</subfield>
    </datafield>
    <controlfield tag="007">ta</controlfield>
    <controlfield tag="008">190829################g##########0#ind##</controlfield>
    <datafield tag="020" ind1="#" ind2="#">
      <subfield code="a">9786029765328</subfield>
    </datafield>
    <datafield tag="082" ind1="#" ind2="#">
      <subfield code="a">297.27</subfield>
    </datafield>
    <datafield tag="084" ind1="#" ind2="#">
      <subfield code="a">297.27 Kem</subfield>
    </datafield>
    <datafield tag="100" ind1=" " ind2="#">
      <subfield code="a">Badan Litbang Kemenag RI</subfield>
    </datafield>
    <datafield tag="245" ind1="1" ind2="#">
      <subfield code="a">Penciptaan Manusia dalam perspektif Al-Qur'an dan Sains /</subfield>
      <subfield code="c">Badan Litbang dan Diklat Kemenag RI</subfield>
    </datafield>
    <datafield tag="250" ind1="#" ind2="#">
      <subfield code="a">Cet.2</subfield>
    </datafield>
    <datafield tag="260" ind1="#" ind2="#">
      <subfield code="a">Jakarta :</subfield>
      <subfield code="b">Badan Litbang dan Diklat Kementerian Agama RI,</subfield>
      <subfield code="c">2016</subfield>
    </datafield>
    <datafield tag="300" ind1="#" ind2="#">
      <subfield code="a">173 hlm. :</subfield>
      <subfield code="b">ilus ;</subfield>
      <subfield code="c">25 cm</subfield>
    </datafield>
    <datafield tag="500" ind1="#" ind2="#">
      <subfield code="a">Al-Qur'an adalah kitab hidayah yang berisikan instrumen-instrumen tentang akidah, hukum, kisah, janji, ancaman, dan hal-hal lain yang bertujuan untuk menuntun manusia kepada tauhid dan kemaslahatan hidup. Salah satu instrumen tersebut adalah isyarat ilmiah yang terkandung dalam banyak ayat yang tersebar didalam beberapa surah. Isyarat ilmiah tersebut bersifat mujnal atau global. Dengan bahasanya yang indah, Al-Qur'an mendorong manusia untuk membperhatikan dan melakukan penelitian terhadap alam semesta dan tema-tema yang ditawarkan. Buku ini, yang merupakan hasil kajian para pakar ilmu pengetahuan terhadap ayat-ayat kauniah dan dipadukan dengan tafsiran ulama Al-Qur'an, patut dibaca demi memperluas cakrawala berpikir dan menambah keimanan kepada Allah SWT.</subfield>
    </datafield>
    <datafield tag="650" ind1="#" ind2="#">
      <subfield code="a">Islam, Sains</subfield>
    </datafield>
    <datafield tag="856" ind1="#" ind2="#">
      <subfield code="a">Perpustakaan Lembaga Administrasi Negara</subfield>
    </datafield>
    <datafield tag="990" ind1="#" ind2="#">
      <subfield code="a">170818926</subfield>
    </datafield>
  </record>
</collection>
